00651nam a2200217 a 4500001001300000003000900013005001700022008004100039020002300080082001500103100001500118245004700133260004000180300000900220500003500229650002100264902000800285942000700293952011600300999001700416nice12345678IN_TiNIC20260116014129.0100216s2009 newa grp 000 0 eng  a9788125035114c41500a306.4bHAL aHall, Gary aNew Culture Studiesb Adventures in Theory aNew Delhi bOrient Blackswan c2009 a324p aincludes index and biblioraphy aCulture-Conflict bSRS cBK 001040708StackRoom-aHMIbHMId2010-02-16g415.00l0o306.4 HALp023154r2010-02-16v415.00w2010-02-16yBK c14009d14009